世界上摩天大楼最多的城市TOP.100 - Statistics

General Stats
  • This quiz has been taken 163 times
  • The average score is 82 of 100
Answer Stats
所属国家 数量 排名 城市 % Correct
日本 176 7 东京
100%
中国 414 2 深圳
99%
美国 318 3 纽约
99%
中国 194 5 上海
99%
中国 193 6 广州
99%
中国 84 19 杭州
99%
美国 17 83 泽西
99%
中国 558 1 香港
98%
阿联酋 263 4 迪拜
98%
中国 169 9 武汉
98%
中国 145 10 重庆
98%
中国 127 12 成都
98%
新加坡 98 17 新加坡
98%
韩国 83 20 首尔
98%
中国 67 26 北京
98%
澳大利亚 44 41 悉尼
98%
韩国 14 91 高阳
98%
中国 73 25 南京
97%
中国 66 28 长沙
97%
马来西亚 174 8 吉隆坡
96%
中国 39 46 青岛
96%
中国 25 63 西安
96%
马来西亚 12 98 安邦再也
96%
加拿大 95 18 多伦多
95%
澳大利亚 77 23 墨尔本
95%
中国 76 24 天津
95%
泰国 115 13 曼谷
94%
韩国 77 22 釜山
94%
俄罗斯 50 36 莫斯科
94%
中国 44 40 苏州
94%
中国 39 45 济南
94%
中国 37 47 厦门
94%
美国 30 54 洛杉矶
94%
美国 26 60 旧金山
94%
中国 19 72 福州
94%
印尼 114 14 雅加达
93%
中国 15 90 台北
93%
中国 59 30 大连
92%
中国 16 88 石家庄
92%
印度 101 15 孟买
91%
中国 100 16 沈阳
91%
日本 45 38 大阪
91%
中国 30 56 无锡
91%
中国 20 70 郑州
91%
美国 138 11 芝加哥
90%
中国 82 21 南宁
90%
土耳其 56 32 伊斯坦布尔
90%
菲律宾 55 33 马卡蒂
90%
英国 40 43 伦敦
90%
菲律宾 19 76 塔吉格
90%
菲律宾 18 80 曼达卢永
90%
中国 46 37 合肥
89%
中国 30 55 宁波
89%
巴拿马 67 27 巴拿马城
87%
阿联酋 44 39 阿布扎比
87%
中国 35 48 南昌
87%
中国 33 51 澳门
87%
中国 30 53 昆明
87%
越南 23 65 胡志明市
87%
越南 13 96 河内
87%
中国 39 44 佛山
86%
中国 31 52 贵阳
86%
朝鲜 16 87 平壤
85%
墨西哥 28 58 墨西哥城
84%
中国 21 67 太原
84%
中国 19 71 东莞
84%
加拿大 13 93 本拿比
84%
卡塔尔 52 34 多哈
83%
巴西 19 75 圣保罗
83%
法国 13 95 库尔布瓦
83%
中国 57 31 珠海
79%
中国 19 73 兰州
79%
美国 62 29 迈阿密
76%
沙特 28 59 利雅得
76%
美国 14 92 阳光岛海滩
76%
韩国 50 35 仁川
75%
美国 25 61 波士顿
75%
美国 22 66 西雅图
75%
美国 41 42 休斯敦
74%
美国 17 84 费城
71%
德国 18 78 法兰克福
67%
科威特 18 79 科威特城
67%
以色列 21 68 特拉维夫
66%
加拿大 13 97 蒙特利尔
65%
哥伦比亚 12 99 波哥大
65%
斯里兰卡 13 94 科伦坡
62%
马来西亚 35 49 槟城
60%
美国 20 69 达拉斯
60%
美国 17 81 亚特兰大
59%
中国 16 85 海口
58%
美国 16 86 拉斯维加斯
58%
澳大利亚 17 82 布里斯班
57%
中国 12 100 新北
51%
巴林 19 74 麦纳麦
49%
中国 15 89 台中
48%
中国 24 64 柳州
36%
马来西亚 33 50 新山
34%
加拿大 18 77 卡尔加里
29%
阿联酋 25 62 沙迦
21%
巴西 29 57 巴内阿里约坎博里乌
0%
No matching quizzes found
Score Distribution
Percent of People with Each Score
Percentile by Number Answered
Your Score History
You have not taken this quiz